Statistics for Celebrity beef

Click here to take the quiz!

General Stats

  • This quiz has been taken 31 times
  • The average score is 4 of 11

Answer Stats

Hint Answer % Correct
Taylor SwiftKaty Perry
68%
Kanye WestTaylor Swift
61%
PrinceMichael Jackson
42%
Biggie2pac
39%
EminemMachine Gun Kelly
32%
Chris BrownDrake
32%
Nicki MinajMariah Carey
29%
Orlando BloomJustin Bieber
23%
BenzinoEminem
16%
MadonnaElton John
6%
Lindsay LohanJennifer Lawrence
3%

Score Distribution

Percentile by Number Answered

Percent of People with Each Score

Your Score History

You have not taken this quiz